<?xml version="1.0" encoding="UTF-8"?><?xml-stylesheet type="text/xsl" href="static/style.xsl"?><OAI-PMH xmlns="http://www.openarchives.org/OAI/2.0/" xmlns:xsi="http://www.w3.org/2001/XMLSchema-instance" xsi:schemaLocation="http://www.openarchives.org/OAI/2.0/ http://www.openarchives.org/OAI/2.0/OAI-PMH.xsd"><responseDate>2026-06-06T01:36:16Z</responseDate><request verb="GetRecord" identifier="oai:riuma.uma.es:10630/35247" metadataPrefix="marc">https://riuma.uma.es/rest/oai/request</request><GetRecord><record><header><identifier>oai:riuma.uma.es:10630/35247</identifier><datestamp>2026-02-03T11:15:14Z</datestamp><setSpec>com_10630_2254</setSpec><setSpec>col_10630_37953</setSpec></header><metadata><record xmlns="http://www.loc.gov/MARC21/slim" xmlns:dcterms="http://purl.org/dc/terms/" xmlns:doc="http://www.lyncode.com/xoai" xmlns:xsi="http://www.w3.org/2001/XMLSchema-instance" xsi:schemaLocation="http://www.loc.gov/MARC21/slim http://www.loc.gov/standards/marcxml/schema/MARC21slim.xsd">
   <leader>00925njm 22002777a 4500</leader>
   <datafield ind2=" " ind1=" " tag="042">
      <subfield code="a">dc</subfield>
   </datafield>
   <datafield ind2=" " ind1=" " tag="720">
      <subfield code="a">Rodríguez, Alejandro</subfield>
      <subfield code="e">author</subfield>
   </datafield>
   <datafield ind2=" " ind1=" " tag="720">
      <subfield code="a">Durán-Muñoz, Francisco Javier</subfield>
      <subfield code="e">author</subfield>
   </datafield>
   <datafield ind2=" " ind1=" " tag="720">
      <subfield code="a">Kristensen, Lars Michael</subfield>
      <subfield code="e">author</subfield>
   </datafield>
   <datafield ind2=" " ind1=" " tag="260">
      <subfield code="c">2021</subfield>
   </datafield>
   <datafield ind2=" " ind1=" " tag="520">
      <subfield code="a">Multilevel modelling (MLM) approaches make it possible for designers and modellers to work with an unlimited number&#xd;
of abstraction levels when specifying domain-specific modelling languages (DSMLs). In this paper, we present a functional&#xd;
infrastructure that allows modellers to define the structure and the operational semantics of multilevel modelling hierarchies,&#xd;
enabling simulation and analysis. Using the MultEcore tool, one can design and distribute the models that compose the&#xd;
language family in a multilevel hierarchy, and specify their behaviour by means of multilevel transformation, so-called&#xd;
multilevel coupled model transformations. We give a rewrite logic semantics to MultEcore’s MLM, on which we have based&#xd;
our automated transformation from MultEcore to the rewriting logic language Maude. Then, we rely on Maude to execute&#xd;
MultEcore models and to support analysis techniques, like reachability analysis, bounded and unbounded model checking of&#xd;
invariants and LTL formulas on systems with both finite and infinite reachable state spaces using equational abstraction. We&#xd;
illustrate our developed techniques on a DSML family for Petri nets.</subfield>
   </datafield>
   <datafield ind1="8" ind2=" " tag="024">
      <subfield code="a">Rodríguez, A., Durán, F. &amp; Kristensen, L.M. Simulation and analysis of MultEcore multilevel models based on rewriting logic. Softw Syst Model 21, 561–586 (2022). https://doi.org/10.1007/s10270-021-00947-1</subfield>
   </datafield>
   <datafield ind1="8" ind2=" " tag="024">
      <subfield code="a">https://hdl.handle.net/10630/35247</subfield>
   </datafield>
   <datafield ind1="8" ind2=" " tag="024">
      <subfield code="a">10.1007/s10270-021-00947-1</subfield>
   </datafield>
   <datafield tag="653" ind2=" " ind1=" ">
      <subfield code="a">Lenguajes de programación</subfield>
   </datafield>
   <datafield tag="653" ind2=" " ind1=" ">
      <subfield code="a">Modelos matemáticos</subfield>
   </datafield>
   <datafield ind2="0" ind1="0" tag="245">
      <subfield code="a">Simulation and analysis of MultEcore multilevel models based on rewriting logic.</subfield>
   </datafield>
</record>
</metadata></record></GetRecord></OAI-PMH>